000
00329nam a22001457a 4500
003
OSt
005
20160727222356.0
008
160622b xxu||||| |||| 00| 0 eng d
040
_c
test
100
_9
539
_a
Arnold, H,
245
_a
Edmund Burke
260
_a
Lon
_b
Oxford Universit
_c
1962
300
_a
Edmund Burke
942
_2
ddc
_c
BK
999
_c
449
_d
449